000 00394cam a22001217a 4500
008 180718b1966 xxu||||| |||| 00| 0 eng d
082 _aA81x54 In2/61/7/Pt6G
100 _aCensus of India 1961
245 _aKerala: village survey monographs tribal areas
260 _aDelhi
_bThe Manager of Publications
_c1966
300 _a246+p.
440 _aCensus of India 1961. Volume VII, Kerala. Part VI G
999 _c484169
_d484169